000
00274nam a22001097a 4500
008
160426b xxu||||| |||| 00| 0 eng d
020
_a
9780323052382
041
_a
eng
080
_a
618.2
245
_a
Nursing management and leadership:
_c
Ann Marriner Tomey;
942
_2
udc
_c
BK
999
_c
1595
_d
1595